[Event "Landesliga Sued 1718"]
[Site "Bayern"]
[Date "2018.02.25"]
[Round "7.1"]
[White "Maksimenko, Andrei"]
[Black "Spiess, Martin"]
[Result "1/2-1/2"]
[WhiteElo "2470"]
[BlackElo "2192"]
[PlyCount "55"]
[EventDate "2017.10.22"]
[EventType "team-tourn"]
[EventRounds "9"]
[EventCountry "GER"]
[SourceTitle "EXT 2022"]
[Source "ChessBase"]
[SourceDate "2021.10.06"]
[SourceVersion "1"]
[SourceVersionDate "2021.10.06"]
[SourceQuality "1"]
[WhiteTeam "Muenchen Tarrasch"]
[BlackTeam "Ingolstadt"]
[WhiteTeamCountry "GER"]
[BlackTeamCountry "GER"]

1. c4 e5 2. g3 Nc6 3. Nc3 f5 4. Bg2 Nf6 5. d3 Bb4 6. Bd2 Bxc3 7. Bxc3 d6 8. Nf3 0-0 9. 0-0 Qe8 10. e3 Rb8 11. Nd2 f4 12. exf4 exf4 13. Re1 Qg6 14. Ne4 Nxe4 15. Rxe4 Bg4 16. Qd2 fxg3 17. fxg3 Bf3 18. Re3 Bxg2 19. Qxg2 Rbe8 20. Rae1 Rxe3 21. Rxe3 Qf5 22. Qd5+ Qxd5 23. cxd5 Nb8 24. Re7 Rf7 25. Re8+ Rf8 26. Re7 Rf7 27. Re8+ Rf8 28. Re7 1/2-1/2

[Event "Bayern-ch"]
[Site "Rosenheim"]
[Date "2017.08.23"]
[Round "6"]
[White "Oberhofer, Cedric"]
[Black "Spiess, Martin"]
[Result "1-0"]
[WhiteElo "2222"]
[BlackElo "2118"]
[PlyCount "53"]
[EventDate "2017.08.20"]
[EventType "swiss"]
[EventRounds "9"]
[EventCountry "GER"]
[SourceTitle "EXT 2019"]
[Source "ChessBase"]
[SourceDate "2018.10.10"]
[SourceVersion "1"]
[SourceVersionDate "2018.10.10"]
[SourceQuality "1"]

1. e4 c5 2. Nf3 d6 3. d4 cxd4 4. Nxd4 Nf6 5. Nc3 a6 6. f4 e5 7. Nb3 Nbd7 8. g4 h6 9. g5 hxg5 10. fxg5 Nh5 11. Qf3 Nb6 12. Be3 Be6 13. 0-0-0 g6 14. Nc5 Ng7 15. Nxb7 Qc7 16. Na5 Na4 17. Nxa4 Qxa5 18. b3 Rb8 19. Bd2 Qc7 20. Qc3 Qb7 21. Bd3 Rh3 22. Qa5 Rxd3 23. cxd3 Bxb3 24. axb3 Qxb3 25. Bc3 Qa2 26. Nb6 Qb3 27. Qa4+ 1-0

[Event "Bayern-ch"]
[Site "Rosenheim"]
[Date "2017.08.22"]
[Round "4"]
[White "Schatz, Christian"]
[Black "Spiess, Martin"]
[Result "0-1"]
[WhiteElo "2177"]
[BlackElo "2118"]
[PlyCount "104"]
[EventDate "2017.08.20"]
[EventType "swiss"]
[EventRounds "9"]
[EventCountry "GER"]
[SourceTitle "EXT 2019"]
[Source "ChessBase"]
[SourceDate "2018.10.10"]
[SourceVersion "1"]
[SourceVersionDate "2018.10.10"]
[SourceQuality "1"]

1. c4 e5 2. g3 Nc6 3. Bg2 f5 4. Nc3 Nf6 5. e3 d5 6. cxd5 Nb4 7. d3 c6 8. Nge2 Nbxd5 9. Nxd5 Nxd5 10. 0-0 Be6 11. e4 fxe4 12. Bxe4 Bc5 13. d4 Nf6 14. Bxc6+ bxc6 15. dxc5 Nd5 16. Qa4 Rc8 17. f4 0-0 18. Bd2 Bh3 19. Rf2 g5 20. Qe4 Nf6 21. Qc4+ Nd5 22. Bc3 gxf4 23. gxf4 Qh4 24. Bxe5 Rce8 25. Qd4 Re6 26. Ng3 Rg6 27. f5 Qxd4 28. Bxd4 Rxf5 29. Rxf5 Bxf5 30. Rf1 Bh3 31. Rf2 Rg4 32. Rd2 h5 33. Kf2 h4 34. Ne2 Rg2+ 35. Ke1 Rxh2 36. Ng1 Rxd2 37. Kxd2 Bg4 38. Be5 Kf7 39. Ne2 Bxe2 40. Kxe2 Ke6 41. Bb8 a6 42. a3 Kf5 43. Kf3 Nf6 44. b4 Nd7 45. Ba7 Ne5+ 46. Kg2 Ke4 47. a4 Kd5 48. Kh3 Kc4 49. b5 cxb5 50. axb5 axb5 51. Bb8 Nc6 52. Kxh4 Nxb8 0-1

[Event "Bayern-ch"]
[Site "Rosenheim"]
[Date "2017.08.21"]
[Round "3"]
[White "Spiess, Martin"]
[Black "Demir, Bilal"]
[Result "1/2-1/2"]
[WhiteElo "2118"]
[BlackElo "2069"]
[PlyCount "66"]
[EventDate "2017.08.20"]
[EventType "swiss"]
[EventRounds "9"]
[EventCountry "GER"]
[SourceTitle "EXT 2019"]
[Source "ChessBase"]
[SourceDate "2018.10.10"]
[SourceVersion "1"]
[SourceVersionDate "2018.10.10"]
[SourceQuality "1"]

1. e4 e5 2. Nf3 d6 3. d4 exd4 4. Nxd4 Nf6 5. Nc3 Be7 6. Bc4 0-0 7. 0-0 Nxe4 8. Nxe4 d5 9. Bd3 dxe4 10. Bxe4 Re8 11. c3 Nd7 12. Re1 Nf6 13. Bf3 c6 14. Nxc6 bxc6 15. Bxc6 Bd7 16. Bxa8 Qxa8 17. Bg5 Bc6 18. Bxf6 Bxf6 19. Rxe8+ Qxe8 20. Qd2 h5 21. Re1 Qa8 22. f3 h4 23. h3 Qb8 24. Qf2 Bd8 25. Kh1 g5 26. c4 Qf4 27. Qe3 Qxc4 28. Rc1 Qd5 29. Qc5 Qxc5 30. Rxc5 Bb7 31. Rb5 Bb6 32. Rxg5+ Kf8 33. Re5 Bc8 1/2-1/2

[Event "Bayern-ch"]
[Site "Rosenheim"]
[Date "2017.08.20"]
[Round "1"]
[White "Spiess, Martin"]
[Black "Miller, Eduard"]
[Result "1/2-1/2"]
[WhiteElo "2118"]
[BlackElo "2319"]
[PlyCount "76"]
[EventDate "2017.08.20"]
[EventType "swiss"]
[EventRounds "9"]
[EventCountry "GER"]
[SourceTitle "EXT 2019"]
[Source "ChessBase"]
[SourceDate "2018.10.10"]
[SourceVersion "1"]
[SourceVersionDate "2018.10.10"]
[SourceQuality "1"]

1. e4 e5 2. Nf3 Nc6 3. Bb5 a6 4. Ba4 Nge7 5. c3 d6 6. d4 Bd7 7. Bg5 f6 8. Be3 g6 9. h4 h5 10. dxe5 dxe5 11. a3 Na5 12. Nbd2 b5 13. Bc2 Be6 14. b4 Nc4 15. Nxc4 bxc4 16. Ba4+ Kf7 17. Qe2 Bh6 18. Bxh6 Rxh6 19. Rd1 Qc8 20. Nd2 a5 21. b5 Qf8 22. Nxc4 Nc8 23. 0-0 Kg7 24. b6 Nxb6 25. Nxb6 cxb6 26. Qb5 Qc5 27. Qxc5 bxc5 28. Rd6 Bf7 29. Rb1 Rhh8 30. Rb7 Rhb8 31. Rc7 Rc8 32. Rdd7 Rxc7 33. Rxc7 Rb8 34. Rxc5 Rb1+ 35. Kh2 Ra1 36. Rc7 Kf8 37. Bc6 Rxa3 38. Bd5 Be8 1/2-1/2

[Event "Oberbayern-ch"]
[Site "Hochstaett am Inn"]
[Date "2017.05.28"]
[Round "1.1"]
[White "Spiess, Martin"]
[Black "Nikutowski, Oliver"]
[Result "1-0"]
[WhiteElo "2210"]
[BlackElo "1993"]
[PlyCount "85"]
[EventDate "2017.05.28"]
[EventType "swiss"]
[EventRounds "7"]
[EventCountry "GER"]
[SourceTitle "EXT 2022"]
[Source "ChessBase"]
[SourceDate "2021.10.06"]
[SourceVersion "1"]
[SourceVersionDate "2021.10.06"]
[SourceQuality "1"]

1. e4 c5 2. Nf3 d6 3. d4 cxd4 4. Nxd4 Nf6 5. Nc3 g6 6. Be3 Bg7 7. f3 0-0 8. Qd2 Nc6 9. 0-0-0 d5 10. Kb1 Nxd4 11. e5 Nf5 12. exf6 exf6 13. Bc5 Re8 14. Nxd5 Kh8 15. Bb5 Bd7 16. Bxd7 Qxd7 17. g4 Qc6 18. Ba3 Nh4 19. Qf2 Rad8 20. Qxh4 Rxd5 21. Rxd5 Qxd5 22. Qf2 f5 23. Re1 Rd8 24. b3 Kg8 25. Bb2 fxg4 26. fxg4 Bxb2 27. Kxb2 Qd4+ 28. Qxd4 Rxd4 29. Re7 Rxg4 30. Rxb7 a5 31. c4 a4 32. c5 Rg2+ 33. Kc3 Rg5 34. Kb4 axb3 35. axb3 Rg1 36. c6 Rc1 37. c7 Kg7 38. Kb5 g5 39. b4 g4 40. Kb6 h5 41. Rb8 Rxc7 42. Kxc7 h4 43. Kd6 1-0

[Event "Pyramiden Franken Cup"]
[Site "Fuerth"]
[Date "2014.09.07"]
[Round "7"]
[White "Spiess, Martin"]
[Black "Tong, Kevin"]
[Result "1-0"]
[WhiteElo "2156"]
[BlackElo "1798"]
[PlyCount "105"]
[EventDate "2014.09.04"]
[EventType "swiss"]
[EventRounds "7"]
[EventCountry "GER"]
[SourceTitle "CBM 162 Extra"]
[Source "ChessBase"]
[SourceDate "2014.10.17"]
[SourceVersion "1"]
[SourceVersionDate "2014.10.17"]
[SourceQuality "1"]

1. e4 c5 2. Nf3 Nc6 3. Nc3 g6 4. d4 cxd4 5. Nxd4 Bg7 6. Be3 Nf6 7. Nxc6 bxc6 8. e5 Nd5 9. Nxd5 cxd5 10. Qxd5 Rb8 11. Bc4 0-0 12. 0-0 Qc7 13. Bb3 Qxe5 14. Qxe5 Bxe5 15. Bxa7 Ra8 16. Bc5 d6 17. Ba3 Bd7 18. Rad1 Rfc8 19. Rfe1 Kf8 20. Rxe5 Bg4 21. Ree1 Bxd1 22. Rxd1 Ra5 23. Bb4 Rb5 24. Bc3 h5 25. a4 Rb6 26. a5 Ra6 27. f4 f6 28. Bd5 Rc7 29. Be4 Kg7 30. Bd3 Ra8 31. a6 Kh6 32. Ra1 g5 33. fxg5+ fxg5 34. Ba5 Rc5 35. b4 Re5 36. b5 Rf8 37. a7 h4 38. h3 g4 39. hxg4 Rc5 40. Bd2+ Kg7 41. a8Q Rxa8 42. Rxa8 Rc7 43. b6 Rb7 44. Ba5 Kf6 45. Ba6 Rd7 46. Bb5 Rb7 47. Bc6 Rxb6 48. Bxb6 Kg5 49. Rf8 Kxg4 50. Be3 h3 51. Bd7+ Kh4 52. Rh8+ Kg3 53. Rxh3# 1-0

[Event "Pyramiden Franken Cup"]
[Site "Fuerth"]
[Date "2014.09.04"]
[Round "1"]
[White "Spiess, Martin"]
[Black "Beesk, Kevin"]
[Result "1-0"]
[WhiteElo "2156"]
[BlackElo "1866"]
[PlyCount "109"]
[EventDate "2014.09.04"]
[EventType "swiss"]
[EventRounds "7"]
[EventCountry "GER"]
[SourceTitle "CBM 162 Extra"]
[Source "ChessBase"]
[SourceDate "2014.10.17"]
[SourceVersion "1"]
[SourceVersionDate "2014.10.17"]
[SourceQuality "1"]

1. e4 c5 2. Nf3 e6 3. d4 cxd4 4. Nxd4 Nc6 5. Nc3 Qc7 6. Be3 a6 7. Qd2 Nf6 8. f3 h5 9. 0-0-0 Be7 10. Be2 b5 11. Kb1 Nxd4 12. Qxd4 d6 13. f4 e5 14. Qd3 Bb7 15. Nd5 Qc6 16. Bf3 Rd8 17. Qa3 Bf8 18. Rd3 Nxd5 19. exd5 Qd7 20. Re1 f6 21. Rd2 g6 22. Qd3 Kf7 23. Rf2 Kg7 24. Bd2 Be7 25. h3 Bc8 26. Bc3 Qe8 27. g4 hxg4 28. hxg4 Rh4 29. Rg2 Qf7 30. a3 Rdh8 31. Reg1 Rh1 32. g5 Rxg1+ 33. Rxg1 Rh4 34. gxf6+ Qxf6 35. Be4 Rg4 36. Rxg4 Bxg4 37. Qg3 Qh4 38. Qxh4 Bxh4 39. fxe5 dxe5 40. Bxe5+ Kf7 41. a4 Bd7 42. axb5 axb5 43. Ka2 g5 44. Kb3 g4 45. Kb4 Bf2 46. b3 g3 47. Bg2 Kg6 48. c4 bxc4 49. bxc4 Kf5 50. Bc3 Be8 51. c5 Be3 52. Kc4 Bf4 53. c6 Bc7 54. Kc5 Kf4 55. d6 1-0

[Event "Landesliga Sued 1213"]
[Site "Bayern"]
[Date "2013.04.14"]
[Round "9.5"]
[White "Spiess, Martin"]
[Black "Schmidt, Gerhard3333"]
[Result "1/2-1/2"]
[WhiteElo "2131"]
[BlackElo "2122"]
[PlyCount "34"]
[EventDate "2012.10.14"]
[EventType "team-tourn"]
[EventRounds "9"]
[EventCountry "GER"]
[SourceTitle "EXT 2015"]
[Source "ChessBase"]
[SourceDate "2014.11.20"]
[SourceVersion "1"]
[SourceVersionDate "2014.11.20"]
[SourceQuality "1"]
[WhiteTeam "Ingolstadt"]
[BlackTeam "Unterhaching"]
[WhiteTeamCountry "GER"]
[BlackTeamCountry "GER"]

1. e4 c5 2. Nf3 d6 3. d4 cxd4 4. Nxd4 Nf6 5. Nc3 a6 6. f3 e5 7. Nb3 Be6 8. Be3 Nbd7 9. g4 Rc8 10. Qd2 Qc7 11. g5 Nh5 12. 0-0-0 Nb6 13. Kb1 Be7 14. Qf2 Nc4 15. Bxc4 Qxc4 16. Nd5 Bxd5 17. Rxd5 0-0 1/2-1/2

[Event "Landesliga Sued 1213"]
[Site "Bayern"]
[Date "2013.02.03"]
[Round "6.8"]
[White "Spiess, Martin"]
[Black "Daurer, Walter"]
[Result "1-0"]
[WhiteElo "2131"]
[BlackElo "1874"]
[PlyCount "49"]
[EventDate "2012.10.14"]
[EventType "team-tourn"]
[EventRounds "9"]
[EventCountry "GER"]
[SourceTitle "EXT 2015"]
[Source "ChessBase"]
[SourceDate "2014.11.20"]
[SourceVersion "1"]
[SourceVersionDate "2014.11.20"]
[SourceQuality "1"]
[WhiteTeam "Ingolstadt"]
[BlackTeam "Muenchen Tarrasch II"]
[WhiteTeamCountry "GER"]
[BlackTeamCountry "GER"]

1. d4 Nf6 2. c4 g6 3. Nc3 Bg7 4. e4 d6 5. f3 e5 6. Nge2 Nc6 7. d5 Ne7 8. Be3 0-0 9. Qd2 Ne8 10. g4 f5 11. gxf5 gxf5 12. 0-0-0 Nf6 13. Kb1 Ng6 14. Bg5 Qe8 15. exf5 Bxf5+ 16. Ka1 Nh5 17. Ng3 Nhf4 18. h4 h6 19. Nxf5 Rxf5 20. Bxf4 Rxf4 21. Bd3 Rd4 22. Nb5 e4 23. Nxd4 exd3 24. Ne6 Ne5 25. Rhg1 1-0

[Event "Landesliga Sued 1213"]
[Site "Bayern"]
[Date "2012.12.09"]
[Round "4.7"]
[White "Stahs, Uwe"]
[Black "Spiess, Martin"]
[Result "1/2-1/2"]
[WhiteElo "1868"]
[BlackElo "2131"]
[PlyCount "91"]
[EventDate "2012.10.14"]
[EventType "team-tourn"]
[EventRounds "9"]
[EventCountry "GER"]
[SourceTitle "EXT 2015"]
[Source "ChessBase"]
[SourceDate "2014.11.20"]
[SourceVersion "1"]
[SourceVersionDate "2014.11.20"]
[SourceQuality "1"]
[WhiteTeam "Weilheim"]
[BlackTeam "Ingolstadt"]
[WhiteTeamCountry "GER"]
[BlackTeamCountry "GER"]

1. d4 d5 2. Nf3 Nf6 3. Bf4 c5 4. c3 Qb6 5. Qb3 c4 6. Qxb6 axb6 7. Nbd2 b5 8. Bxb8 Rxb8 9. a3 h6 10. g3 Bf5 11. Bg2 e6 12. 0-0 Be7 13. Rfe1 Ne4 14. Nxe4 Bxe4 15. Ne5 Bh7 16. h4 f6 17. Ng4 h5 18. Nh2 g5 19. hxg5 fxg5 20. e4 Rd8 21. exd5 exd5 22. Re5 Bg8 23. Rae1 Rd7 24. Rxg5 Kd8 25. Rg7 Bf6 26. Rxd7+ Kxd7 27. Nf3 Kd6 28. Ne5 Be6 29. Ng6 Rg8 30. Nf4 Bf7 31. Bh3 Bg5 32. Ng2 Bd2 33. Rd1 Bg5 34. f4 Bh6 35. Kf2 Bg6 36. Nh4 Bf8 37. Re1 Be4 38. Bg2 Be7 39. Bxe4 Bxh4 40. gxh4 dxe4 41. Rxe4 Rg4 42. Kf3 Rxh4 43. Re2 Rh1 44. Kg2 Rh4 45. Kf3 Rh1 46. Kg2 1/2-1/2

[Event "Landesliga Sued 1112"]
[Site "Bayern"]
[Date "2012.02.05"]
[Round "6.4"]
[White "Lederle, Vitus"]
[Black "Spiess, Martin"]
[Result "1-0"]
[WhiteElo "2147"]
[BlackElo "2092"]
[PlyCount "123"]
[EventDate "2011.10.02"]
[EventType "team-tourn"]
[EventRounds "9"]
[EventCountry "GER"]
[SourceTitle "EXT 2013"]
[Source "ChessBase"]
[SourceDate "2012.11.22"]
[SourceVersion "1"]
[SourceVersionDate "2012.11.22"]
[SourceQuality "1"]
[WhiteTeam "Dillingen"]
[BlackTeam "Ingolstadt"]
[WhiteTeamCountry "GER"]
[BlackTeamCountry "GER"]

1. e4 c5 2. Nf3 d6 3. d4 cxd4 4. Nxd4 Nf6 5. Nc3 a6 6. Bg5 e6 7. f4 Qc7 8. Qf3 b5 9. Bxf6 gxf6 10. 0-0-0 b4 11. Nce2 Nd7 12. Ng3 Bb7 13. Qh5 Nc5 14. f5 0-0-0 15. fxe6 fxe6 16. Qh3 Qd7 17. Bc4 e5 18. Ndf5 Kc7 19. Bd5 Bxd5 20. Rxd5 h5 21. Rhd1 Qc6 22. Kb1 h4 23. Nxh4 Na4 24. Ngf5 Nb6 25. Ne3 Bh6 26. Ng6 Bxe3 27. Nxh8 Nxd5 28. exd5 Qc5 29. Ng6 Bd4 30. Qf3 f5 31. Ne7 f4 32. Nc6 Re8 33. Nxd4 exd4 34. Qxf4 Qxd5 35. Qf2 a5 36. b3 Re4 37. Qf1 Kb6 38. g3 Qe5 39. Qd3 d5 40. Kb2 Kc5 41. Kb1 Qf6 42. Rf1 Qe5 43. Qf3 Re3 44. Qf8+ Kb5 45. Qf4 Re1+ 46. Kb2 d3+ 47. Qxe5 Rxe5 48. Rd1 Re2 49. Rxd3 Rxh2 50. Rxd5+ Kb6 51. g4 Rg2 52. g5 Rg1 53. a4 Rg2 54. Rf5 Rg1 55. Rf6+ Kb7 56. g6 Ka7 57. c4 Rg2+ 58. Kc1 Kb7 59. Kd1 Kc7 60. Ra6 Kb7 61. Rxa5 Rxg6 62. Rb5+ 1-0

[Event "Landesliga Sued 1112"]
[Site "Bayern"]
[Date "2011.10.02"]
[Round "1.4"]
[White "Schmidt, Gerhard3333"]
[Black "Spiess, Martin"]
[Result "0-1"]
[WhiteElo "2134"]
[BlackElo "2092"]
[PlyCount "122"]
[EventDate "2011.10.02"]
[EventType "team-tourn"]
[EventRounds "9"]
[EventCountry "GER"]
[SourceTitle "EXT 2013"]
[Source "ChessBase"]
[SourceDate "2012.11.22"]
[SourceVersion "1"]
[SourceVersionDate "2012.11.22"]
[SourceQuality "1"]
[WhiteTeam "Unterhaching"]
[BlackTeam "Ingolstadt"]
[WhiteTeamCountry "GER"]
[BlackTeamCountry "GER"]

1. Nf3 d5 2. c4 e6 3. d4 c6 4. e3 Nf6 5. Bd3 Nbd7 6. 0-0 Bd6 7. Nbd2 0-0 8. e4 dxe4 9. Nxe4 Nxe4 10. Bxe4 Nf6 11. Bc2 c5 12. Bg5 Be7 13. Qd3 g6 14. dxc5 h6 15. Bxh6 Qxd3 16. Bxd3 Rd8 17. Rad1 Bxc5 18. Be2 Rxd1 19. Bxd1 b6 20. Be3 Bxe3 21. fxe3 Ng4 22. Re1 Ba6 23. b3 Rd8 24. h3 Nxe3 25. Be2 Bb7 26. Kf2 Nf5 27. Rd1 Rxd1 28. Bxd1 Kg7 29. b4 Kf6 30. g4 Nd6 31. Nd2 Ke5 32. c5 bxc5 33. bxc5 Ne4+ 34. Nxe4 Bxe4 35. h4 Bb1 36. h5 gxh5 37. gxh5 Kd5 38. h6 Bh7 39. Ke3 Kxc5 40. Bh5 f6 41. Bf3 Kd6 42. Kd4 e5+ 43. Kc4 e4 44. Bd1 Ke5 45. a4 Bg8+ 46. Kb5 Kf4 47. Ka6 Kg5 48. Kxa7 Kxh6 49. Kb6 Kg5 50. a5 Kf4 51. Kc5 Ke5 52. a6 Bd5 53. a7 e3 54. Be2 f5 55. Bb5 Ba8 56. Kb6 Kd6 57. Ba6 f4 58. Bb7 e2 59. Bxa8 e1Q 60. Bc6 Qe3+ 61. Kb7 Qxa7+ 0-1

[Event "Landesliga Sued 0809"]
[Site "Bayern"]
[Date "2009.03.01"]
[Round "7.6"]
[White "Nuber, Blasius"]
[Black "Spiess, Martin"]
[Result "1/2-1/2"]
[WhiteElo "2094"]
[BlackElo "2103"]
[PlyCount "73"]
[EventDate "2008.10.05"]
[EventType "team-tourn"]
[EventRounds "9"]
[EventCountry "GER"]
[SourceTitle "EXT 2020"]
[Source "ChessBase"]
[SourceDate "2019.10.17"]
[SourceVersion "1"]
[SourceVersionDate "2019.10.17"]
[SourceQuality "1"]
[WhiteTeam "Dillingen"]
[BlackTeam "Ingolstadt"]
[WhiteTeamCountry "GER"]
[BlackTeamCountry "GER"]

1. e4 c5 2. c3 Nf6 3. e5 Nd5 4. d4 cxd4 5. cxd4 Nc6 6. Nf3 d6 7. Bc4 Nb6 8. Bb5 d5 9. Nc3 Bg4 10. Bg5 Qd7 11. Rc1 Rc8 12. h3 Bh5 13. 0-0 e6 14. Na4 Nxa4 15. Bxa4 a6 16. g4 Bg6 17. Nh4 b5 18. Bb3 Be7 19. Nxg6 hxg6 20. Bxe7 Qxe7 21. Qd3 0-0 22. a3 Qg5 23. f4 Qh4 24. Kg2 Na5 25. Ba2 Rxc1 26. Rxc1 Nc4 27. b4 Rc8 28. Bb1 Rc6 29. Rf1 Nb6 30. Bc2 Nc4 31. Bb1 Nb2 32. Qd2 Na4 33. Rc1 Rxc1 34. Qxc1 Nb6 35. Qc6 Qe1 36. Qxb6 Qxb1 37. Qd8+ 1/2-1/2

[Event "Landesliga Sued 0809"]
[Site "Bayern"]
[Date "2008.12.14"]
[Round "4.5"]
[White "Herb, Stefan"]
[Black "Spiess, Martin"]
[Result "0-1"]
[WhiteElo "2029"]
[BlackElo "2103"]
[PlyCount "78"]
[EventDate "2008.10.05"]
[EventType "team-tourn"]
[EventRounds "9"]
[EventCountry "GER"]
[SourceTitle "EXT 2020"]
[Source "ChessBase"]
[SourceDate "2019.10.17"]
[SourceVersion "1"]
[SourceVersionDate "2019.10.17"]
[SourceQuality "1"]
[WhiteTeam "Haunstetten"]
[BlackTeam "Ingolstadt"]
[WhiteTeamCountry "GER"]
[BlackTeamCountry "GER"]

1. e4 c5 2. Nf3 d6 3. Bb5+ Bd7 4. Bxd7+ Qxd7 5. 0-0 Nc6 6. c3 Nf6 7. Re1 e6 8. d4 cxd4 9. cxd4 d5 10. e5 Ne4 11. Ng5 Nxg5 12. Bxg5 Be7 13. Bxe7 Qxe7 14. a3 Qh4 15. Nc3 Qxd4 16. Qh5 0-0 17. Re3 g6 18. Qh6 f5 19. Rd1 Qb6 20. Rg3 Nxe5 21. h3 Rf7 22. Re1 Nd7 23. Rge3 Nf8 24. Na4 Qd4 25. b3 Rc8 26. b4 b6 27. h4 Rc2 28. Qg5 f4 29. Rf3 Qd2 30. Qe5 d4 31. Qe4 d3 32. Rf1 Rd7 33. Rxf4 Rc1 34. Rxc1 Qxc1+ 35. Kh2 d2 36. Qa8 Rf7 37. Rxf7 Kxf7 38. Qf3+ Kg8 39. Nc3 Qxc3 0-1